| 000 | 01382nam a2200337 c 4500 | ||
|---|---|---|---|
| 999 |
_c343891 _d343891 |
||
| 003 | BLK | ||
| 005 | 20190930150041.0 | ||
| 008 | 180911b bul|||||r ||||||| ||bul|| | ||
| 010 | _a003552 | ||
| 040 | _aBLK | ||
| 041 |
_aDEU _cBUL |
||
| 080 | _z830(081) | ||
| 100 | 1 |
_aUHLAND, Ludwig _eпърви автор _9397279 |
|
| 245 | 0 | 0 |
_aUhlands Werke _nB. 1B. 2B. 3B. 4 |
| 246 |
_aIn 4 B. _iGedichte : Erster TeilGedichteErnst Herzog von Schwaben ; Ludwig der Bayer ; Dramatische EntwurseAus den Vorlesungen uber Geschichte der deutschen Dichtung im Mittelalter. 1830 _pлирика-стихотворения |
||
| 260 |
_aLeipzig _bMax Hess _cs.a |
||
| 300 |
_a89 с222 с269 с216 с _c16 см |
||
| 380 | _a82 | ||
| 490 | _aNeue Leipziger Klassiker-Ausgaben | ||
| 490 |
_aЧастна колекция - Академик Михаил Арнаудов _gДарение - Основен фонд |
||
| 501 | _aТ. 1, 2, 3 и 4 подв. заедно. | ||
| 505 | _tGedichte : Erster TeilGedichteErnst Herzog von Schwaben | ||
| 505 | _t Ludwig der Bayer | ||
| 505 | _t Dramatische EntwurseAus den Vorlesungen uber Geschichte der deutschen Dichtung im Mittelalter. 1830 | ||
| 653 | _aлирика | ||
| 653 | _aстихотворения | ||
| 655 |
_aнемска литература _9396397 |
||
| 700 | 1 |
_aLudwig Uhland _9397280 |
|
| 852 |
_aМА 630 _bМА |
||
| 942 |
_cKNG _n0 _s1 |
||
| 944 |
_aCR _c1995 _kValK |
||
| 999 | _d343891 | ||